KOHA-Header-6

Quantitative Investment analysis (Record no. 1905)

000 -LEADER
fixed length control field 00321nam a2200133Ia 4500
008 - FIXED-LENGTH DATA ELEMENTS--GENERAL INFORMATION
fixed length control field 190723s9999 xx 000 0 und d
020 ## - INTERNATIONAL STANDARD BOOK NUMBER
International Standard Book Number 978-81-265-6469-9
100 ## - MAIN ENTRY--PERSONAL NAME
Personal name Richard A. Defusco
245 #0 - TITLE STATEMENT
Title Quantitative Investment analysis
250 ## - EDITION STATEMENT
Edition statement 3rd
260 ## - PUBLICATION, DISTRIBUTION, ETC. (IMPRINT)
Place of publication, distribution, etc india
Name of publisher, distributor, etc wiley
Date of publication, distribution, etc 2015
300 ## - PHYSICAL DESCRIPTION
Extent 608.:p
942 ## - ADDED ENTRY ELEMENTS (KOHA)
Koha item type Books
Holdings
Withdrawn status Lost status Source of classification or shelving scheme Damaged status Not for loan Collection code Permanent Location Current Location Shelving location Date acquired Full call number Barcode Date last seen Price effective from Koha item type
          Finance MAJU MAJU Shelf No.B44 2019-07-23 332.63 8528 2021-03-28 2019-07-23 Finance

Powered by Koha